| 000 | 00820nam a22002057a 4500 | ||
|---|---|---|---|
| 999 |
_c8015 _d8015 |
||
| 001 | 21462 | ||
| 003 | BD-DhUAP | ||
| 005 | 20220109194209.0 | ||
| 008 | 220109b2019 bg ||||| |||| 001 0cben d | ||
| 020 | _a9789845063197 | ||
| 040 |
_aBD-DhUAP _bben _cBD-DhUAP _dBD-DhUAP _eBD-DhUAP |
||
| 082 | _a954.9205 CHO | ||
| 100 | _a চৌধুরী ,আফসান । | ||
| 245 |
_aগ্রামের একাত্তর / _bআফসান চৌধুরী । |
||
| 260 |
_aঢাকা : _bইউনিভার্সিটি প্রেস, _c২০১৯ । |
||
| 300 |
_axiv, ২০৫ পৃষ্ঠা ; _c২২ সে.মি.। |
||
| 500 | _aনির্ঘন্ট সম্বলিত। | ||
| 650 | _aবাংলাদেশ- ইতিহাস- মুক্তিযুদ্ধ | ||
| 942 |
_2ddc _cBK |
||